Statistics for Maria von Trapp's Favorite Things

Click here to take the quiz!

General Stats

  • This quiz has been taken 728 times
    (727 since last reset)
  • The average score is 7 of 13

Answer Stats

HintAnswer% Correct
whiskers __ _______on kittens
99%
_________ on rosesraindrops
83%
warm ______ _______woolen mittens
77%
_____ _____ ________ tied up with stringsbrown paper packages
73%
schnitzel with _______noodles
68%
______ ______ kettlesbright copper
58%
crisp _____ ________apple strudels
54%
girls in white dresses with ____ _____ ______blue satin sashes
50%
snowflakes that ____ __ __ ____ and eyelashesstay on my nose
41%
_________ and sleigh bellsdoorbells
39%
____ _____ ____ ___ with the moon on their wingswild geese that fly
32%
______-_____ winters that melt into springssilver-white
31%
_____-_______ poniescream-colored
30%

Score Distribution

Percentile by Number Answered

Percent of People with Each Score

Your Score History

You have not taken this quiz since the last reset